000 00378nam a2200145Ia 4500
008 210716s2005 xx 000 0 und d
020 _a9788174466471
041 _aeng
082 _a658.4012 JANK
100 _aJanardhanam, K;Balwani, Nitin.
245 _aStrategic management and business policy.
250 _a1
260 _aNew Delhi
_bExcel Books
_c2005
300 _a314
999 _c207642
_d207642